000 00989nac a22003017a 4500
001 BR8104544
003 BR-BrBNA
005 20240105115036.0
008 230509b bl.|||m| |||| 00| 0 por d
040 _aBR-BrBNA
_bpor
_cBiblioteca Nacional de Agricultura
072 _aF00; F30; F25
090 _a0336 BR8104544
100 1 _aCarraro, I.M.
100 1 _aOliveira, E.F. de
100 1 _aHarada, A.
110 1 _aOrganizacao das Cooperativas do Estado do Parana, Cascavel (Brasil)
_97725
245 1 _aRecomendacoes tecnicas para a cultura da soja no Parana [Glycine max, Brasil]
260 3 _aCascavel, PR (Brasil):
_c1981.
300 _a44 p.
490 _aBoletim Tecnico - Organizacao das Cooperativas do Estado do Parana (Brazil)
_vno. 7
_x
500 _aBibliography p. 41-44 (52 ref.)
650 _aSOJA
650 _aDENSIDADE DE PLANTIO
650 _aVARIEDADE
650 _aPARANA
909 _a202312
_bLúcia Elande
_c55
_dLúcia Elande
942 _2AGRIS
_n0
_cMS
999 _c272719
_d272719